Culture Générale - Série 2075 - Statistiques

Statistiques générales
  • Ce quiz a été pris 102 fois
  • Le résultat moyen est 4 sur 10
Statistiques - réponses
Question Réponse % Correct
Quel terme anglais désigne un pirate informatique ? hacker
86%
Il peut être de polichinelle, d'alcôve ou top secret
73%
Ce mot désigne un poisson d'eau douce et un os du poignet carpe
49%
Dans quel département français se trouve le lac "Pavin" ? Puy de Dôme
33%
De quel département français est originaire la race bovine appelée "créole" ? voir photo Guadeloupe
27%
Dans la mythologie grecque, comment s'appelait le roi de Sparte, mari d'Hélène et frère d'Agamemnon ? Ménélas
26%
Dans la mythologie grecque, à quel animal est associé le mytrhe de Léda ? cygne
22%
Qui a écrit "Atala, ou Les Amours de deux sauvages dans le désert" ? François-René de Chateaubriand
20%
Dans quel département français se trouve le lac des "Settons" ? Nièvre
10%
Sous quel prénom et nom connaissait-on mieux l'animateur de télévision Jean-Claude Jouhaud (1945-2008) ? Pascal Sevran
10%
Aucun quiz correspondant
Distribution des résultats
% des personnes avec chaque résultat
Percentile par nombre de réponses
Votre historique - résultats
Vous n’avez pas pris ce quiz